Apertura y transparencia gestión 2012-2014 (Record no. 9634)

MARC details
000 -LEADER
campo de control de longitud fija 00401nam a2200133Ia 4500
001 - NÚMERO DE CONTROL
campo de control 3939
008 - DATOS DE LONGITUD FIJA--INFORMACIÓN GENERAL
campo de control de longitud fija 241024s9999 xx 000 0 und d
082 ## - NÚMERO DE LA CLASIFICACIÓN DECIMAL DEWEY
Número de clasificación RD/338.97293/C755a/2012-2014
100 ## - ENTRADA PRINCIPAL--NOMBRE DE PERSONA
Nombre de persona República Dominicana. Consejo Nacional de la Empresa Privada
245 #0 - MENCIÓN DEL TÍTULO
Título Apertura y transparencia gestión 2012-2014
260 ## - PUBLICACIÓN, DISTRIBUCIÓN, ETC.
Nombre del editor, distribuidor, etc. Santo Domingo
Fecha de publicación, distribución, etc. 2014
901 ## - ELEMENTOS DE DATOS A LOCAL LDA (RLIN)
a 2/3/2015 3:10:09 p.m.

No items available.

© 2024. Todos los Derechos Reservados. Desarrollado por IDEICE